Statystyki dla Miasta przy Drodze Krajowej nr 30

Kliknij tutaj aby rozwiązać quiz!

Ogólne statystyki

  • Ten quiz został rozwiązany 10 razy
  • Średni wynik to 4 z 5

Statystyki odpowiedzi

LudnośćMiasto% Poprawnych
30 231Zgorzelec
100%
79 061Jelenia Góra
90%
20 965Lubań
80%
6 617Gryfów Śląski
50%
4 344Olszyna
50%

Rozkład punktacji

Percentyl według liczby udzielonych odpowiedzi

Procent ludzi z każdym wynikiem

Twoja historia wyników

Nie rozwiązałeś tego quizu